<?xml version="1.0" encoding="UTF-8"?>
<record
    xmlns:xsi="http://www.w3.org/2001/XMLSchema-instance"
    xsi:schemaLocation="http://www.loc.gov/MARC21/slim http://www.loc.gov/standards/marcxml/schema/MARC21slim.xsd"
    xmlns="http://www.loc.gov/MARC21/slim">

  <leader>01478nam a2200301 a 4500</leader>
  <controlfield tag="001">61935</controlfield>
  <controlfield tag="003">BD-RjUL</controlfield>
  <controlfield tag="005">20211209081024.0</controlfield>
  <controlfield tag="008">170122s2006    bg a     s   o000 0|eng||</controlfield>
  <datafield tag="020" ind1=" " ind2=" ">
    <subfield code="a">9845086616</subfield>
    <subfield code="c">: Tk. 500.00 Inland</subfield>
  </datafield>
  <datafield tag="035" ind1=" " ind2=" ">
    <subfield code="a">(BD-RjUL) 62060</subfield>
  </datafield>
  <datafield tag="040" ind1=" " ind2=" ">
    <subfield code="a">DLC</subfield>
    <subfield code="c">DLC</subfield>
    <subfield code="d">DLC</subfield>
    <subfield code="d">BD-RjUL</subfield>
    <subfield code="b">eng</subfield>
  </datafield>
  <datafield tag="041" ind1="0" ind2=" ">
    <subfield code="a">engben</subfield>
  </datafield>
  <datafield tag="082" ind1=" " ind2=" ">
    <subfield code="2">23</subfield>
    <subfield code="a">304.6095492021</subfield>
    <subfield code="b">SHE 2006 (CS)</subfield>
  </datafield>
  <datafield tag="110" ind1=" " ind2=" ">
    <subfield code="a">Bangladesh Bureau of Statistics.</subfield>
    <subfield code="9">179266</subfield>
  </datafield>
  <datafield tag="245" ind1="1" ind2="0">
    <subfield code="a">Bangladesh population census-2001 = &#x9AC;&#x9BE;&#x982;&#x9B2;&#x9BE;&#x9A6;&#x9C7;&#x9B6; &#x986;&#x9A6;&#x9AE;&#x9B6;&#x9C1;&#x9AE;&#x9BE;&#x9B0;&#x9BF;-&#x9E8;&#x9E6;&#x9E6;&#x9E7; : </subfield>
    <subfield code="b">Community series, Zila: Sherpur = &#x995;&#x9AE;&#x9BF;&#x989;&#x9A8;&#x9BF;&#x99F;&#x9BF; &#x9B8;&#x9BF;&#x9B0;&#x9BF;&#x99C;, &#x99C;&#x9C7;&#x9B2;&#x9BE;: &#x9B6;&#x9C7;&#x9B0;&#x9AA;&#x9C1;&#x9B0; /</subfield>
    <subfield code="c">Bangladesh Bureau of Statistics.</subfield>
  </datafield>
  <datafield tag="246" ind1=" " ind2=" ">
    <subfield code="a">&#x9AC;&#x9BE;&#x982;&#x9B2;&#x9BE;&#x9A6;&#x9C7;&#x9B6; &#x986;&#x9A6;&#x9AE;&#x9B6;&#x9C1;&#x9AE;&#x9BE;&#x9B0;&#x9BF;-&#x9E8;&#x9E6;&#x9E6;&#x9E7; : </subfield>
    <subfield code="b">&#x995;&#x9AE;&#x9BF;&#x989;&#x9A8;&#x9BF;&#x99F;&#x9BF; &#x9B8;&#x9BF;&#x9B0;&#x9BF;&#x99C;, &#x99C;&#x9C7;&#x9B2;&#x9BE;: &#x9B6;&#x9C7;&#x9B0;&#x9AA;&#x9C1;&#x9B0;</subfield>
  </datafield>
  <datafield tag="260" ind1=" " ind2=" ">
    <subfield code="a">Dhaka :</subfield>
    <subfield code="b">Bangladesh Bureau of Statistics, </subfield>
    <subfield code="c">2006.</subfield>
  </datafield>
  <datafield tag="300" ind1=" " ind2=" ">
    <subfield code="a">xiv,159 p. :</subfield>
    <subfield code="b">ill. ;</subfield>
    <subfield code="c">28 cm.</subfield>
  </datafield>
  <datafield tag="490" ind1=" " ind2=" ">
    <subfield code="a">Community series, Zila: Sherpur  </subfield>
  </datafield>
  <datafield tag="490" ind1=" " ind2=" ">
    <subfield code="a">&#x995;&#x9AE;&#x9BF;&#x989;&#x9A8;&#x9BF;&#x99F;&#x9BF; &#x9B8;&#x9BF;&#x9B0;&#x9BF;&#x99C;, &#x99C;&#x9C7;&#x9B2;&#x9BE;: &#x9B6;&#x9C7;&#x9B0;&#x9AA;&#x9C1;&#x9B0;</subfield>
  </datafield>
  <datafield tag="500" ind1=" " ind2=" ">
    <subfield code="a">Prefatory matter in Bengali and English.</subfield>
  </datafield>
  <datafield tag="651" ind1=" " ind2=" ">
    <subfield code="a">Bangladesh</subfield>
    <subfield code="z">Sherpur</subfield>
    <subfield code="v">Census,2001</subfield>
    <subfield code="9">183843</subfield>
  </datafield>
  <datafield tag="651" ind1=" " ind2=" ">
    <subfield code="a">Bangladesh</subfield>
    <subfield code="z">Sherpur</subfield>
    <subfield code="v">Statistics.</subfield>
    <subfield code="x">Population</subfield>
    <subfield code="9">183844</subfield>
    <subfield code="y">2001</subfield>
  </datafield>
  <datafield tag="830" ind1=" " ind2=" ">
    <subfield code="a">Community series, Zila: Sherpur</subfield>
    <subfield code="9">180163</subfield>
  </datafield>
  <datafield tag="830" ind1=" " ind2=" ">
    <subfield code="a">&#x995;&#x9AE;&#x9BF;&#x989;&#x9A8;&#x9BF;&#x99F;&#x9BF; &#x9B8;&#x9BF;&#x9B0;&#x9BF;&#x99C;, &#x99C;&#x9C7;&#x9B2;&#x9BE;: &#x9B6;&#x9C7;&#x9B0;&#x9AA;&#x9C1;&#x9B0;</subfield>
    <subfield code="9">180075</subfield>
  </datafield>
  <datafield tag="942" ind1=" " ind2=" ">
    <subfield code="2">ddc</subfield>
    <subfield code="c">RAR</subfield>
  </datafield>
  <datafield tag="999" ind1=" " ind2=" ">
    <subfield code="c">61935</subfield>
    <subfield code="d">61935</subfield>
  </datafield>
  <datafield tag="952" ind1=" " ind2=" ">
    <subfield code="0">0</subfield>
    <subfield code="1">0</subfield>
    <subfield code="2">ddc</subfield>
    <subfield code="4">0</subfield>
    <subfield code="7">1</subfield>
    <subfield code="8">RARE</subfield>
    <subfield code="a">RUCL</subfield>
    <subfield code="b">RUCL</subfield>
    <subfield code="c">Rare</subfield>
    <subfield code="d">2008-02-16</subfield>
    <subfield code="e">Dhaka,BBS</subfield>
    <subfield code="g">500.00</subfield>
    <subfield code="l">0</subfield>
    <subfield code="o">RA 304.6095492021 SHE 2006(CS)</subfield>
    <subfield code="r">2017-01-22 00:00:00</subfield>
    <subfield code="t">C-1</subfield>
    <subfield code="w">2021-12-09</subfield>
    <subfield code="y">RAR</subfield>
  </datafield>
</record>
